LEADER 00936nam0 2200289 450 001 000008022 005 20081117121807.0 010 $a88-04-54136-9 100 $a20070702d2006----km-y0itay50------ba 101 1 $aita 102 $aIT 105 $aa-------001yy 200 1 $aProgrammare microsoft asp.net 2.0$fDino Esposito 210 $aSegrate$cMondadori informatica$dc2006 215 $aXXI, 755 p.$d24 cm 300 $aSul front.: SQL Solid Quality Learning; Microsoft 300 $aSul dorso: Sviluppatori 304 $aTit. orig.: Programming microsoft Asp.net 2.0 core reference 410 0$12001 610 1 $aElaboratori elettronici$aProgramma Asp.net 676 $a005.2762$v20 700 1$aEsposito,$bDino$0312226 801 0$aIT$bUNIPARTHENOPE$c20070702$gRICA$2UNIMARC 912 $a000008022 951 $aP1 005-P/13$b39637$cPIST$d2007 996 $aProgrammare microsoft asp.net 2.0$91204525 997 $aUNIPARTHENOPE